Quality of educational programs in life-long learning

Efektívnosť systematického prístupu k tvorbe vzdelávacích programov. Dizajnovanie, implementácia, kontrola a vyhodnocovanie kvality vzdelávacieho programu. On-line vzdelávanie a jeho využitie v celoživotnom vzdelávaní.

Guardado en:
Detalles Bibliográficos
Autor principal: Lacková, Alica
Otros Autores: Karkalíková, Marta
Formato: Capítulo de libro
Lenguaje:inglés
Materias:
Etiquetas: Agregar Etiqueta
Sin Etiquetas, Sea el primero en etiquetar este registro!

MARC

LEADER 00000naa a2200000 4500
001 0142372
005 20240502072542.2
041 0 |a eng 
044 |a SK 
245 1 0 |a Quality of educational programs in life-long learning  |c Alica Lacková, Marta Karkalíková 
520 |a Efektívnosť systematického prístupu k tvorbe vzdelávacích programov. Dizajnovanie, implementácia, kontrola a vyhodnocovanie kvality vzdelávacieho programu. On-line vzdelávanie a jeho využitie v celoživotnom vzdelávaní. 
610 2 0 |a kvalita vzdelávania 
610 2 0 |a vzdelávanie celoživotné 
610 2 0 |a vzdelávanie elektronické 
610 2 0 |a programy študijné 
100 1 |a Lacková, Alica 
700 1 |a Karkalíková, Marta